Preaching and teaching from Ephesians. (Record no. 5825)

000 -LEADER
fixed length control field 00591nam a2200181 a 4500
001 - CONTROL NUMBER
control field :::00003567$&:&@@
003 - CONTROL NUMBER IDENTIFIER
control field OkBaRHE
005 - DATE AND TIME OF LATEST TRANSACTION
control field 20000607103307.0
008 - FIXED-LENGTH DATA ELEMENTS--GENERAL INFORMATION
fixed length control field s1963 j 000 0 eng u
040 ## - CATALOGING SOURCE
Transcribing agency
100 1# - MAIN ENTRY--PERSONAL NAME
Personal name Howard, Fred D.
245 10 - TITLE STATEMENT
Title Preaching and teaching from Ephesians.
260 ## - PUBLICATION, DISTRIBUTION, ETC. (IMPRINT)
Place of publication, distribution, etc Grand Rapids, MI., :
Name of publisher, distributor, etc Baker Book House
Date of publication, distribution, etc c1963
300 ## - PHYSICAL DESCRIPTION
Extent 106 p. ;
Dimensions 20 cm.
650 ## - SUBJECT ADDED ENTRY--TOPICAL TERM
Topical term or geographic name as entry element Bible New Testament Ephesians
General subdivision Criticism, Interpretation, etc.
942 ## - ADDED ENTRY ELEMENTS (KOHA)
Source of classification or shelving scheme
Koha item type Books
Copies
Permanent Location Not for loan Date acquired Shelving location Damaged status Koha item type Source of classification or shelving scheme Barcode Date last seen Full call number Withdrawn status Copy number Price effective from Lost status
RHEMA Bible Training College 2010-04-14General Stacks Books 35672018-04-03BS 2695 .H62 12010-04-14